00790nam a22001697a 4500003000900000008004100009040007100050082002100121100003700142245024800179260003200427300002800459505005500487650004300542650001100585650002400596AR-CdUCM190328b ||||| |||| 00| 0 spa d aMUNICIPALIDAD PROVINCIAL DEL CUSCOcBIBLIOTECA MUNICIPAL DEL CUSCO aC / 376.51 /bC9 aCovarrubias Pozo, Jesús Manuel aInformación archivística sobre métodos, procedimientos, formas, modos, sistemas y técnicas de ordenación, clasificación, catalogación y fichado del catálogo general del Archivo Histórico de la Universidad Nacional del Cuzco / aCusco :bH.G. Rozas,c1964. a115 páginas ;c25 cm. aContenido: Catalogo general del archivo del Cusco. aCatalogo general del archivo del Cusco aUnsaac aArchivo histórico